Carte du monde sans 12 pays n°2 - Statistiques

Statistiques générales
  • Ce quiz a été pris 33 995 fois
  • Le résultat moyen est 9 sur 12
Réponses sur la Carte
Les réponses sont colorées sur une échelle allant du rouge au vert en fonction du pourcentage des utilisateurs qui les ont devinées à leur premier essai. Vous pouvez retrouver ces pourcentages ci-dessous.
 
Statistiques - réponses
Pays % Correct
Australie
95%
Panama
92%
Portugal
91%
Maroc
88%
Corée du Nord
83%
Grèce
72%
Arménie
68%
Géorgie
66%
Viêt Nam
64%
Islande
63%
Cuba
61%
Malaisie
61%
Aucun quiz correspondant
Distribution des résultats
% des personnes avec chaque résultat
Percentile par nombre de réponses
Votre historique - résultats
Vous n’avez pas pris ce quiz